00813nam a2200205Ia 4500003000900000008004100009040001600050080001700066100003300083245013900116260005300255300001700308490004000325650002200365650004100387650002700428942000700455999001500462952013000477IN-BaIIA211028s9999 xx 000 0 eng d cIIA Library a52(091)bSHU aShukla, Kripa Shankar912553 0aAryabhatiya of aryabhatabwith the commentary of Bhaskara I and SomesvaracKripa Shankar Shukla  aNew DelhibIndian National Science Academyc1976 acxvii, 382p. aAryabhatiya Critical Edition Series aAryabhatiya99399 aAstronomy and Astrophysics Thesaurus aAstronomy-History9900 cBK c7320d7320 00104070aBANbBANcGENd1983-04-07g40.50l2o52(091)/ SHUp8127r2025-02-27s2025-02-27v40.50w1983-04-07yBKGRs. 40.50